ბათუმის შოთა რუსთაველის სახელმწიფო უნივერსიტეტის ბიბლიოთეკა

В поисках утраченного смысла истории: (ბიბ.ჩანაწერი № 61235)

000 -LEADER
fixed length control field 00850nam a22001817a 4500
005 - DATE AND TIME OF LATEST TRANSACTION
control field 20240109153023.0
008 - FIXED-LENGTH DATA ELEMENTS--GENERAL INFORMATION
fixed length control field 240109s1986 ru ||||| |||| 00| 0 rus d
041 ## - LANGUAGE CODE
Language code of text/sound track or separate title rus
080 ## - UNIVERSAL DECIMAL CLASSIFICATION NUMBER
Universal Decimal Classification number 930.1 M-93
100 ## - MAIN ENTRY--PERSONAL NAME
Personal name Мучник, В. M.
9 (RLIN) 20993
245 ## - TITLE STATEMENT
Title В поисках утраченного смысла истории:
Remainder of title (Генезис и эволюция исторических взглядов А. Дж. Тойнби) /
Statement of responsibility, etc. В. M. Мучник; Томский гос. ун-т им. В. В. Куйбышева.
264 ## - PRODUCTION, PUBLICATION, DISTRIBUTION, MANUFACTURE, AND COPYRIGHT NOTICE
Place of production, publication, distribution, manufacture Томск :
Name of producer, publisher, distributor, manufacturer Издательство Томского университета,
Date of production, publication, distribution, manufacture, or copyright notice 1986.
300 ## - PHYSICAL DESCRIPTION
Extent 200 c.;
Other physical details 21 см.
653 ## - INDEX TERM--UNCONTROLLED
keyword ისტორია
653 ## - INDEX TERM--UNCONTROLLED
keyword ევოლუცია
710 ## - ADDED ENTRY--CORPORATE NAME
Corporate name or jurisdiction name as entry element Томский гос. ун-т им. В. В. Куйбышева.
9 (RLIN) 20994
942 ## - ADDED ENTRY ELEMENTS (KOHA)
Source of classification or shelving scheme
Koha item type წიგნი
ეგზემპლარები
Withdrawn status Lost status Source of classification or shelving scheme Damaged status Not for loan Permanent Location Current Location Shelving location Date acquired Cost, normal purchase price Full call number Barcode Date last seen Copy number Uniform Resource Identifier Price effective from Koha item type Public note
          ბათუმის შოთა რუსთაველის სახელმწიფო უნივერსიტეტის მთავარი ბიბლიოთეკა ბათუმის შოთა რუსთაველის სახელმწიფო უნივერსიტეტის მთავარი ბიბლიოთეკა წიგნსაცავი 2024-01-09 4.00 930.1 M-93 65728 2024-01-09 65728 ბსუ-ს საპატიო დოქტორის გურამ ლორთქიფანიძის საჩუქარი 2024-01-09 წიგნი 4 ლ.